000 00667nam a2200277Ia 4500
005 20260324121301.0
008 008 260324s9999 xx 000 0 eng d
020 _a9781315796123
037 _aEBOOK
040 _aCRL
040 _beng
040 _cCRL
041 _2eng
041 _aeng
084 _qCRL
100 _aElizabeth Ramey
_91161912
245 0 _aClass, Gender, and the American Family Farm in the 20th Century
260 _bTaylor and Francis
260 _c2014
365 _a
365 _b150
856 _uhttp://www.taylorfrancis.com/books/9781315796123
942 _cEBOOK
999 _c1753922
_d1753922